Bytový dom

Enregistré dans:
Détails bibliographiques
Auteur principal: Sajterová, Caroline (Auteur)
Autres auteurs: Paulovičová, Lucia (Directeur de thèse)
Format: Manuscrit Livre
Langue:slovaque
Publié: 2025
Sujets:
Accès en ligne:http://is.stuba.sk/zp/portal_zp.pl?podrobnosti=168619
CRZP
Tags: Ajouter un tag
Pas de tags, Soyez le premier à ajouter un tag!

MARC

LEADER 00000ntm a22000003a 4500
001 stuzp104759
003 SK-STU
005 20250729105548.8
007 ta
008 150427s2015----xo-----f-mn---000-0-slo-d
040 |a STU  |b slo 
041 0 |a slo 
100 1 |a Sajterová, Caroline  |u 010270  |4 aut  |U SvF Stavebná fakulta  |T SvF Katedra technológie stavieb  |X 115898  |U V270  |Y 28  |7 115898 
242 0 1 |a Apartment House  |y eng 
245 1 0 |a Bytový dom 
260 |c 2025 
650 4 |a Bytový dom  |2 slo 
650 4 |a Kontaktný zatepľovací systém ETICS  |2 slo 
650 4 |a drevovláknitá tepelná izolácia  |2 slo 
650 4 |a Projekt organizácie výstavby  |2 slo 
650 4 |a Časový harmonogram  |2 slo 
650 4 |a Apartment building  |2 eng 
650 4 |a ETICS contact insulation system  |2 eng 
650 4 |a wood fiber thermal insulation  |2 eng 
650 4 |a Construction organization project  |2 eng 
650 4 |a Time schedule  |2 eng 
700 1 |a Paulovičová, Lucia  |u 010270  |k Z8  |4 ths  |U SvF Stavebná fakulta  |T SvF Katedra technológie stavieb  |X 52129  |U V270  |Y 28  |7 A000052129 
856 4 |u http://is.stuba.sk/zp/portal_zp.pl?podrobnosti=168619 
856 4 |u https://opac.crzp.sk/?fn=detailBiblioForm&sid=C9A1C75A261DD259F989431E26A3  |z CRZP